| 000 | 00466nam a2200181Ia 4500 | ||
|---|---|---|---|
| 008 | 120927t1948 xxu||||| |||| 00| 0 sin d | ||
| 041 | _asin | ||
| 080 |
_a8 S [3-053.2 _bKIP |
||
| 100 | _aKiplin,Radyad | ||
| 245 | _aවන විත්ති | ||
| 246 | _aWana Withthi | ||
| 260 |
_aApothikaris Samagama _aColombo _c1948 |
||
| 300 | _b102p, ill, 18 cm | ||
| 700 |
_aErathna,E.R _etr. |
||
| 942 | _cBK | ||
| 999 |
_c39316 _d39316 |
||
| 003 | LK-CoDNM | ||
| 040 |
_aLK-CoDNM _dLK-CoDNM _eLK-CoDNM |
||